| 000 | 00726nam a2200277Ia 4500 | ||
|---|---|---|---|
| 003 | OSt | ||
| 005 | 20221006152756.0 | ||
| 006 | a|||||r|||| 00| 0 | ||
| 007 | ta | ||
| 008 | 221006b |||||||| |||| 00| 0 kor d | ||
| 020 |
_a9788977660403 _cW40000 |
||
| 024 | _a29,588 | ||
| 037 |
_bGift, Korea Foundation _cTextual |
||
| 040 |
_aEASL _cEASL _bkor |
||
| 041 |
_2kor _akor |
||
| 082 | _aI,16, P3 | ||
| 100 |
_aLEE Yu-Mi _9661688 |
||
| 245 | 0 | _aHangukue Yasaenghwa | |
| 260 |
_aSeoul _bDaran Sesang Korea _c2003 |
||
| 300 |
_a551p _ccm. |
||
| 490 | _v KL | ||
| 650 |
_a BOTONY _9557484 |
||
| 650 | _aKL | ||
| 942 |
_hI,16, P3 _cTEXL _2CC |
||
| 999 |
_c1097674 _d1097674 |
||